| 000 | 01455nam0a2200325 4500 | ||
|---|---|---|---|
| 001 | RU\NLR\bibl\1514929 | ||
| 005 | 20250616024612.0 | ||
| 010 |
_a978-5-408-00149-1 _95000 |
||
| 021 |
_aRU _b2010-28424 _91912 |
||
| 035 | _a(NLR Aleph) 001506312 | ||
| 090 |
_a52127 _c52127 |
||
| 100 | _a20100524d2010 |||y0rusy50 ca | ||
| 101 | 0 | _arus | |
| 102 | _aRU | ||
| 105 | _aa ||||||||| | ||
| 200 | 1 |
_aОсновы безопасности жизнедеятельности _eметодика преподавания предмета _e5-11 классы _fВ.С. Кузнецов, Г.А. Колодницкий, М.И. Хабнер |
|
| 210 |
_aМосква _cВАКО _d2010 |
||
| 215 |
_a173 с. _cил. _d20 |
||
| 225 | 1 | _aПедагогика. Психология. Управление | |
| 320 | _aБиблиогр.: с. 170-171 (17 назв.) | ||
| 606 | 1 |
_aБезопасность жизнедеятельности _jМетодические пособия _xПреподавание _xСредняя школа _92155370 _3RU\NLR\auth\661297614 |
|
| 686 | _aЧ426.99-обж.я8 | ||
| 700 | 1 |
_aКузнецов _bВ. С. _gВасилий Степанович _4070 |
|
| 701 | 1 |
_aКолодницкий _bГ. А. _gГеоргий Александрович _4070 |
|
| 701 | 1 |
_aХабнер _bМ. И. _gМихаил Исаевич _4070 |
|
| 801 | 0 |
_aRU _bNLR _c20100524 _gRCR |
|
| 801 | 1 |
_aRU _bNLR _c20100524 |
|
| 942 | _cBOOK | ||
| 980 | _aNB | ||